2026 World Cup - Portugal Squad - Statistics

General Stats
  • This quiz has been taken 28 times
  • The average score is 21 of 27
Answer Stats
Hint Club Pos Answer % Correct
Manchester City Manchester_City_FC_badge.svg MF Bernardo Silva
100%
Al-Nassr Nassr_FC_Logo.svg FW Cristiano Ronaldo
100%
AC Milan Logo_of_AC_Milan.svg FW Rafael Leao
100%
PSG Paris_Saint-Germain_F.C..svg MF Joao Neves
96%
Manchester City Manchester_City_FC_badge.svg DF Ruben Dias
96%
Sporting CP Sporting_CP_crest.svg GK Rui Silva
96%
PSG Paris_Saint-Germain_F.C..svg MF Vitinha
96%
Barcelona FC_Barcelona_%28crest%29.svg DF Joao Cancelo
93%
Manchester United Manchester_United_FC_crest.svg MF Bruno Fernandes
89%
PSG Paris_Saint-Germain_F.C..svg DF Nuno Mendes
89%
Al-Hilal Al_Hilal_SFC_Logo.svg MF Ruben Neves
89%
PSG Paris_Saint-Germain_F.C..svg FW Goncalo Ramos
85%
Al-Nassr Nassr_FC_Logo.svg FW Joao Felix
85%
Wolves Wolverhampton_Wanderers_FC_crest.svg GK Jose Sa
85%
Chelsea Chelsea_FC.svg FW Pedro Neto
85%
Manchester United Manchester_United_FC_crest.svg DF Diogo Dalot
81%
Liverpool Liverpool_FC.svg GK Diogo Costa
78%
Mallorca Rcd_mallorca.svg MF Samu Costa
78%
Manchester City Manchester_City_FC_badge.svg DF Matheus Nunes
74%
Sporting CP Sporting_CP_crest.svg FW Francisco Trincao
70%
Juventus Juventus_FC_-_logo_black_%28Italy%2C_2020%29.svg FW Francisco Conceicao
63%
Sporting CP Sporting_CP_crest.svg DF Goncalo Inacio
52%
Real Sociedad Real_Sociedad_logo.svg FW Goncalo Guedes
48%
Villarreal Villarreal_CF_logo-en.svg DF Renato Veiga
41%
Fenerbahce Fenerbah%C3%A7e.svg DF Nelson Semedo
37%
Benfica SL_Benfica_logo.svg DF Tomas Araujo
26%
Genclerbirligi SK Gen%C3%A7lerbirli%C4%9Fi_S.K._crest.svg GK Ricardo Velho
19%
No matching quizzes found
Score Distribution
Percent of People with Each Score
Percentile by Number Answered
Your Score History
You have not taken this quiz